Statistieken voor Vlaggen met de meeste sterren

Klik hier om de quiz te nemen!

Algemene statistieken

  • Deze quiz is 66 keer genomen
  • De gemiddelde score is 9 van 23

Antwoordstatistieken

#land% Correct
50Verenigde Staten
98%
5China
94%
4Nieuw-Zeeland
87%
6Australië
79%
9Bosnië en Herzegovina
71%
4Micronesia
65%
9Tuvalu
60%
5Honduras
54%
8Venezuela
44%
6Kosovo
38%
12Oezbekistan
35%
5Samoa
35%
10Cabo Verde
33%
27Brazilië
27%
5Turkmenistan
23%
5Papoea-Nieuw-Guinea
19%
5Salomonseilanden
19%
5Singapore
13%
4Comoren
12%
7Tadzjikistan
10%
10Dominica
8%
7Grenada
4%
6Equatoriaal-Guinea
0%

Scoreverdeling

Percentiel versus Aantal Correcte Antwoorden

Procent van Mensen met Elke Score

Uw Scoregeschiedenis

U heeft deze quiz nog niet genomen